000 00605cam a22002053a 4500
001 42128
003 PGUSA
005 20140828083942.0
008 130218s2013||||xxu|||||s|||||000 | eng d
040 _aPGUSA
_beng
042 _adc
245 1 4 _aThe Edinburgh New Philosophical Journal, Vol. XLIX :
_bApril-October 1850
_h[electronic resource] /
_cVarious
260 _bProject Gutenberg,
_c2013
506 _aPublic domain in the USA.
516 _aElectronic text
700 1 _aJameson, Robert
830 0 _aProject Gutenberg
_v42128
856 4 0 _uhttp://www.gutenberg.org/ebooks/42128
942 _cEB
999 _c271380
_d271380